000 00267nam a2200121Ia 4500
008 190216s9999||||xx |||||||||||||| ||und||
100 _aKakanadan
245 0 _aGyalary
260 _bPoorna Pubs Kozhikode
300 _a192
650 _aEssay Malayalam
942 _cBK
999 _c27482
_d27482